000 00928 a2200277 4500
999 _c10678
_d10678
020 _a9783867277464
050 _aHC935
_bMAK 2008
100 _aMakoka, Donald
_d1980-
_eauthor
245 _aRisk, risk management and vulnerability to poverty in rural Malawi /
_cDonald Makoka
264 _aGt˞tingen :
_bCuvillier,
_c 2008.
300 _axvi, 203 pages ;
_billustrations
336 _2rdacontent
_atext
_btxt
337 _2rdamedia
_aunmediated
_bn
338 _2rdacarrier
_avolume
_bnc
500 _aOriginally presented as the author's thesis (doctoral) - Universitt˃, Bonn, 2008.
650 _aPoverty
_xMalawi.
650 _aRural poor
_xMalawi.
650 _aMalawi
_xRural conditions.
650 _aRisk management. Risk Management
650 _aRisk management.
650 _a Poverty.
650 _aRural conditions.
650 _aRural poor.
651 _aMalawi
942 _2lcc
_cBK
_h935
_iMAK
_kHC